Отчет о деятельности Монгольского торгово-промышленного банка за 1925 операционный год с приложением таблиц

Доступно только в Электронных читальных залах Найти на картеНа карте
RUSMARC
00004501nmc2a22003253x 450
00173505e77-8034-4919-8dfc-e7d7324e483e
00520220705165131.0
100##$a20220622l1925 k y0rusy50 ca
1010#$arus
102##$aRU
105##$aa z |||||
1220#$ad19251231
1220#$ad1925
2001#$aОтчет о деятельности Монгольского торгово-промышленного банка за 1925 операционный год с приложением таблиц
$j1925
215##$a48 листов
$cтабл.
251##$cДело
300##$aЗаголовок дела на папке: Монгольский торгово-промышленный банк. Отчет о деятельности за 1925 операционный год (2 год)
300##$aНа папке дела дата не указана
300##$aЛисты: после 48 (1) - чистые; 1, 27 - надорваны
300##$aМашинописный текст
324##$aМашинописная копия
330##$aВходит в раздел описи: Документы Народного комиссариата финансов. Валютное управление Наркомата финансов
461#0$100170a9e75d-b6e1-4eed-a561-fb01df49f1ed
$12001
$aКоллекция документов профессора И. Х. Озерова
$1251
$cФонд
$1852
$j1838
462#0$10010128b4bc-9fed-474c-8a7c-fdbe2c2718e2
$12001
$aДокументы советского периода. 1917-1933 гг.
$vД. 95
$1251
$cОпись
$1852
$j2
5171#$aМонгольский торгово-промышленный банк. Отчет о деятельности за 1925 операционный год (2 год)
600#1$aОзеров
$bИ. Х.
$gИван Христофорович
60102$aМонгольский торгово-промышленный банк
801#0$aRU
$bGA_RF
801#1$aRU
$bГлавНИВЦ
$c20220622
$2rusmarc
801#2$aRU
$bПБ им. Б.Н. Ельцина
$c20220705
$gRCR
$2rusmarc
852##$aГА РФ
$j95
937##$d177096794
$hГАРФ
035##$aRuPRLIB51068252
856##$uhttp://readingroom.main.prlib.ru/item.aspx?id_node=n177096794&mode=full
Формат отображения